<?xml version="1.0" encoding="UTF-8"?>
<record
    xmlns:xsi="http://www.w3.org/2001/XMLSchema-instance"
    xsi:schemaLocation="http://www.loc.gov/MARC21/slim http://www.loc.gov/standards/marcxml/schema/MARC21slim.xsd"
    xmlns="http://www.loc.gov/MARC21/slim">

  <leader>00290nam a2200109Ia 4500</leader>
  <controlfield tag="008">090707b        ii     f      a   fnsan d</controlfield>
  <datafield tag="100" ind1=" " ind2=" ">
    <subfield code="a">Brar, Boota Singh</subfield>
    <subfield code="9">19834</subfield>
  </datafield>
  <datafield tag="245" ind1=" " ind2=" ">
    <subfield code="a">Punjabi viakran sidhant ate vihar</subfield>
  </datafield>
  <datafield tag="260" ind1=" " ind2=" ">
    <subfield code="a">Ludhiana</subfield>
    <subfield code="b">Chetana Prakashan</subfield>
    <subfield code="c">2008</subfield>
  </datafield>
  <datafield tag="260" ind1=" " ind2=" ">
    <subfield code="c">252p.</subfield>
  </datafield>
  <datafield tag="942" ind1=" " ind2=" ">
    <subfield code="c">BK</subfield>
  </datafield>
  <datafield tag="952" ind1=" " ind2=" ">
    <subfield code="0">0</subfield>
    <subfield code="1">0</subfield>
    <subfield code="4">0</subfield>
    <subfield code="7">0</subfield>
    <subfield code="8">Pun</subfield>
    <subfield code="a">RNL</subfield>
    <subfield code="b">RNL</subfield>
    <subfield code="c">GEN</subfield>
    <subfield code="d">2018-10-02</subfield>
    <subfield code="e">D.D.C.</subfield>
    <subfield code="g">300.00</subfield>
    <subfield code="l">1</subfield>
    <subfield code="p">47354</subfield>
    <subfield code="r">2024-02-27</subfield>
    <subfield code="s">2023-10-25</subfield>
    <subfield code="v">300.00</subfield>
    <subfield code="w">2018-10-02</subfield>
    <subfield code="y">BK</subfield>
  </datafield>
  <datafield tag="999" ind1=" " ind2=" ">
    <subfield code="c">22294</subfield>
    <subfield code="d">22294</subfield>
  </datafield>
</record>
